Qué es la teoría de la relatividad?
Gorde:
| Egile nagusia: | |
|---|---|
| Formatua: | Liburua |
| Hizkuntza: | gaztelania |
| Argitaratua: |
Santiago
Universitaria
1992
|
| Edizioa: | 5a. ed |
| Saila: | El mundo de las ciencias
|
| Gaiak: | |
| Etiketak: |
Etiketa erantsi
Etiketarik gabe, Izan zaitez lehena erregistro honi etiketa jartzen!
|
MARC
| LEADER | 00000nam a2200000 a 4500 | ||
|---|---|---|---|
| 001 | UCY5004 | ||
| 003 | CL-VaPUC | ||
| 008 | 950410e19920000CL |||||||||||||||||spa|d | ||
| 082 | 0 | 4 | |a 530.11 |b LAN |2 21 |
| 100 | |a Landau, Lev Davidovich |e author |9 579218 | ||
| 245 | 1 | 0 | |a Qué es la teoría de la relatividad? |
| 250 | |a 5a. ed | ||
| 300 | |a 103 p | ||
| 942 | |c BK | ||
| 945 | |d 19950410 00:00:00 |a mfernand | ||
| 260 | |a Santiago |b Universitaria |c 1992 | ||
| 650 | 7 | |a RELATIVIDAD FISICA |2 CL-VaPUC |9 265410 | |
| 583 | |a last modification |c 19950410 00:00:00 |k Rodrigo Vera | ||
| 490 | 0 | |a El mundo de las ciencias | |
| 999 | |c 232741 |d 232739 | ||